Oda a las mujeres y hombres orquesta (Registro nro. 21429)

Detalles MARC
000 -LEADER
fixed length control field 00332 a2200109 4500
001 - CONTROL NUMBER
control field ART_52679
005 - DATE AND TIME OF LATEST TRANSACTION
control field 20260410161811.0
008 - FIXED-LENGTH DATA ELEMENTS--GENERAL INFORMATION
fixed length control field 260409a
100 1# - MAIN ENTRY--PERSONAL NAME
Personal name Truffat, Edgardo Daniel
245 10 - TITLE STATEMENT
Title Oda a las mujeres y hombres orquesta
773 0# - HOST ITEM ENTRY
Title Doctrina Societaria y Concursal
Related parts - N° 403 (jun. 2021)
Record control number REV4298

No hay ítems disponibles.